000 00802nam0a22002531 4500
001 rc\2902049
005 20250806211313.0
035 _a(NLR Aleph) 007053331
090 _a17585
_c17585
100 _a20110802d1943 u y0rusy50 ca
101 0 _arus
102 _aRU
105 _aa z |||||
200 1 _aРогатый скот на сельскохозяйственных работах
210 _a[Свердловск]
_cСвердлгиз
_d1943
215 _a24 с., Без обл.
_cил.
_d20 см
700 1 _aАнтипин
_bИ.Ф.
_gИван Федорович
801 0 _aRU
_bNLR
_gpsbo
801 1 _aRU
_bELAR
_2rusmarc
852 _aNLR
_bС
_j90 Г-4/105
942 _cBOOK
945 _aРоссийская национальная библиотека
980 _aNB
980 _aBV